Czech (& Central European) yearbook of arbitration 2012 party autonomy versus autonomy of arbitrators
Salvato in:
| Natura: | Libro |
|---|---|
| Lingua: | inglese |
| Pubblicazione: |
New York
JURIS
2012
|
| Soggetti: | |
| Tags: |
Nessun Tag, puoi essere il primo ad aggiungerne!!
|
MARC
| LEADER | 00000nam a2200000 4500 | ||
|---|---|---|---|
| 001 | 0184125 | ||
| 005 | 20230314080023.4 | ||
| 020 | |a 978-1-933833-83-5 | ||
| 022 | |a 2157-9490 | ||
| 041 | 0 | |a eng | |
| 044 | |a US | ||
| 245 | 1 | 0 | |a Czech (& Central European) yearbook of arbitration 2012 |b party autonomy versus autonomy of arbitrators |c editors: Alexander J. Bělohlávek, Naděžda Rozehnalová |
| 264 | 1 | |a New York |b JURIS |c 2012 | |
| 300 | |a 521 s. | ||
| 610 | 2 | 0 | |a arbitráž |
| 610 | 2 | 0 | |a konanie rozhodcovské |
| 610 | 2 | 0 | |a strany politické |
| 610 | 2 | 0 | |a autonómia |
| 610 | 2 | 0 | |a dohody |
| 610 | 2 | 0 | |a ochrana spotrebiteľa |
| 610 | 2 | 0 | |a rozhodovanie |
| 610 | 2 | 0 | |a zákony |
| 610 | 2 | 0 | |a predpisy právne |
| 610 | 2 | 0 | |a súdy |
| 610 | 2 | 0 | |a právo verejné medzinárodné |
| 610 | 2 | 0 | |a obchod medzinárodný |
| 610 | 2 | 0 | |a konferencie |
| 610 | 2 | 0 | |a Česko |
| 610 | 2 | 0 | |a stredná Európa |
| 610 | 2 | 0 | |a Európska únia |